Loading...
Fundamentals of economics /
| Main Author: | |
|---|---|
| Format: | Printed Book |
| Language: | English |
| Published: |
New York :
Haeper and Brothers Publishers ,
1960.
|
| Edition: | 6 / |
| LEADER | 00533cam a2200169ua 4500 | ||
|---|---|---|---|
| 041 | |a eng | ||
| 082 | |a 330 |b GEM/FU | ||
| 100 | |a Gemmill, Paul F . | ||
| 245 | |a Fundamentals of economics / |c Paul F Gemmill. |h Textual Documents | ||
| 250 | |a 6 / |b . | ||
| 260 | |a New York : |b Haeper and Brothers Publishers , |c 1960. | ||
| 300 | |a 724 ; . | ||
| 504 | |||
| 541 | |e 706 | ||
| 942 | |c BK | ||
| 999 | |c 31438 |d 31438 | ||
| 952 | |0 0 |1 0 |4 0 |6 330_000000000000000 |7 0 |9 41557 |a KAUAET |b KAUAET |d 2012-04-07 |m 0 |o 330 |p KAU_KCAET-706 |r 2012-04-07 |w 2012-04-07 |y BK | ||